| 000 | 01265nam a2200301 i 4500 | ||
|---|---|---|---|
| 003 | EG-GICUC | ||
| 005 | 20260425194243.0 | ||
| 008 | 260422s1931 fre |||fr|||| 000 0 fre d | ||
| 040 |
_aEG-GiCUC _bfre _cEG-GiCUC _dEG-GiCUC _eRda |
||
| 082 | 0 | 4 |
_221 _a343.412 _bTC.T |
| 092 | 0 | 4 | _221 |
| 099 | _aLaw1 10 343.412 TC.T 1931 | ||
| 100 | 1 |
_aTchernoff, J _eAuteur |
|
| 245 | 1 |
_aTraité de droit pénal financier. _nTome Premier, _pSociétés De Commerce, _pÉmission Et Négociation De Titres-assemalees Generales Digan Et Distribution De Dividendes Syndicats Financiers Ententes Industrielles Et Coalitions Infractions Spéciales Et Delits De Bale Commun Responsabilité Des Fondateurs Et Administrateurs / _cJ Tchernoff. |
|
| 250 | _bNouvelle Édition Entièrement Revue Et Augmentée | ||
| 264 | 1 |
_aParis : _b Librairie Dawloz, _c1931. |
|
| 300 |
_a699 pages; _c 24 cm. |
||
| 336 |
_2rda contenu _a texte |
||
| 337 |
_2rda medias _aOrdinateur |
||
| 338 |
_2 transporteur rda _a Ressource en ligne |
||
| 546 | _aTexte en français | ||
| 650 | 0 | 4 |
_aCode Pénal Financier Et Monétaire _2qrmak |
| 650 | 0 | 4 |
_aDroit De Pénal _2qrmak |
| 651 | 1 | _2qrmak | |
| 856 | 4 | 0 | _uhttps://fll.law.cu.edu.eg/fulltext/bks/B10-10354.pdf |
| 905 | _a54 | ||
| 942 |
_2ddc _cBK _e21 _n0 |
||
| 999 |
_c72796 _d72796 |
||